000 00551nam a2200217 a 4500
999 _c9438
_d9438
001 9438
003 BD-JhCC
005 20180529113845.0
008 180314s2011 bg a|||| |||| 000 0 eng d
035 _a(BD-JhCC)9438
040 _aBD-JhCC
_dBD-JhCC
041 _aeng
082 _a001
_bKAB 2011
100 _a Kabir, H
245 _aA store of general knowledge :
_bbiography /
_cH. Kabir
260 _aRangpur:
_bShahida Kabir,
_c2011.
300 _a173 p.:
_c20 cm.
650 _aGeneral Knowledge
942 _2ddc
_cBK